[Event "Florianopolis op 9th"]
[Site "Florianopolis"]
[Date "2023.01.28"]
[Round "8"]
[White "Santana, Luiz Alberto"]
[Black "Nunes, Lilia"]
[Result "1/2-1/2"]
[WhiteElo "1253"]
[BlackElo "1800"]
[PlyCount "56"]
[EventDate "2023.01.23"]
[EventType "swiss"]
[EventRounds "10"]
[EventCountry "BRA"]
[SourceTitle "CBM 212 Extra"]
[Source "ChessBase"]
[SourceDate "2023.03.31"]
[SourceVersion "1"]
[SourceVersionDate "2023.03.31"]
[SourceQuality "1"]

1. d4 d5 2. Nf3 Nf6 3. e3 Bf5 4. b3 Nbd7 5. Bb2 e6 6. Be2 Be7 7. 0-0 0-0 8. Nbd2 c5 9. c4 Rc8 10. Rc1 h6 11. a3 Ne4 12. Nxe4 Bxe4 13. Nd2 Bf5 14. Nf3 Nf6 15. dxc5 Bxc5 16. b4 Be7 17. c5 Ne4 18. Nd2 Qd7 19. Nxe4 Bxe4 20. Bd3 Bxd3 21. Qxd3 b6 22. cxb6 axb6 23. Rb1 Rc4 24. Rbc1 Rfc8 25. Rxc4 Rxc4 26. f4 Qc6 27. Rf3 Rc2 28. Bd4 Rc1+ 1/2-1/2